Central Library OPAC University of Rajshahi

Signals and systems : (Record no. 37910)

MARC details
000 -LEADER
fixed length control field 00937pam a2200301 a 4500
001 - CONTROL NUMBER
control field 37910
003 - CONTROL NUMBER IDENTIFIER
rucl marc code (BD-RjUL)
005 - DATE AND TIME OF LATEST TRANSACTION
control field 20211209052703.0
008 - FIXED-LENGTH DATA ELEMENTS--GENERAL INFORMATION
fixed length control field 971125s1998 nju b 001 0 eng
020 ## - INTERNATIONAL STANDARD BOOK NUMBER
International Standard Book Number 9788178082967
International Standard Book Number 8178082969
035 ## - SYSTEM CONTROL NUMBER
System control number (BD-RjUL)
040 ## - CATALOGING SOURCE
Original cataloging agency DLC
Transcribing agency (BD-RjUL)
082 00 - DEWEY DECIMAL CLASSIFICATION NUMBER
Classification number 621.3822
Edition number 21
Author mark and year ZIS 2002
100 1# - MAIN ENTRY--PERSONAL NAME
Personal name Ziemer, Rodger E.
9 (RLIN) 117453
245 10 - TITLE STATEMENT
Title Signals and systems :
Remainder of title continuous and discrete /
Statement of responsibility, etc. Rodger E. Ziemer, William H. Tranter, D. Ronald Fannin.
250 ## - EDITION STATEMENT
Edition statement 4th ed.
260 ## - PUBLICATION, DISTRIBUTION, ETC. (IMPRINT)
Place of publication, distribution, etc. India :
Name of publisher, distributor, etc. Pearson Education,
Date of publication, distribution, etc. c1998 [2002 reprin].
300 ## - PHYSICAL DESCRIPTION
Pagination xvii, 622 p. ;
Size 24 cm.
500 ## - GENERAL NOTE
General note Includes index.
650 #0 - SUBJECT ADDED ENTRY--TOPICAL TERM
Topical term or geographic name as entry element System analysis.
9 (RLIN) 117431
Topical term or geographic name as entry element Discrete-time systems.
9 (RLIN) 117454
Topical term or geographic name as entry element Digital filters (Mathematics)
9 (RLIN) 117455
700 1# - ADDED ENTRY--PERSONAL NAME
Personal name Tranter, William H.
Personal name Fannin, D. Ronald.
942 ## - ADDED ENTRY ELEMENTS (KOHA)
Source of classification or shelving scheme Dewey Decimal Classification
Koha item type Books
Holdings
Lost status Source of classification or shelving scheme Damaged status Not for loan Permanent Location Current Location Shelving location Date acquired Total Checkouts Full call number Date last seen Copy number Koha item type
  Dewey Decimal Classification   Not For Loan Department of Information and Communication Engineering (ICE) Library Department of Information and Communication Engineering (ICE) Library Seminar Library 10/08/2015   621.3822 ZIS 2002 10/08/2015 C.1 Books